Eastern Utah Libraries Catalog: Duchesne, Heber, Roosevelt, & Vernal

Junko Tabei masters the mountain / (Record no. 389017)

MARC details
000 -LEADER
fixed length control field 03859nam a22006491u 4500
001 - CONTROL NUMBER
control field playwb001190
003 - CONTROL NUMBER IDENTIFIER
control field UtOrBLW
005 - DATE AND TIME OF LATEST TRANSACTION
control field 20240215111404.0
006 - FIXED-LENGTH DATA ELEMENTS--ADDITIONAL MATERIAL CHARACTERISTICS--GENERAL INFORMATION
fixed length control field m cq h
007 - PHYSICAL DESCRIPTION FIXED FIELD--GENERAL INFORMATION
fixed length control field cs nzannnauuuu
007 - PHYSICAL DESCRIPTION FIXED FIELD--GENERAL INFORMATION
fixed length control field sz zunznnnzned
008 - FIXED-LENGTH DATA ELEMENTS--GENERAL INFORMATION
fixed length control field 230605s2023 ohua j 000 1 eng d
020 ## - INTERNATIONAL STANDARD BOOK NUMBER
Cancelled/invalid ISBN 9781733329200
Qualifying information (print)
020 ## - INTERNATIONAL STANDARD BOOK NUMBER
International Standard Book Number 9798822674301
Qualifying information (Wonderbook) :
Terms of availability $52.99
028 01 - PUBLISHER NUMBER
Publisher number WB001190
Source Playaway Products
035 ## - SYSTEM CONTROL NUMBER
System control number (OCoLC)1389416273
040 ## - CATALOGING SOURCE
Original cataloging agency UtOrBLW
Language of cataloging eng
Description conventions rda
Transcribing agency UtOrBLW
050 #4 - LIBRARY OF CONGRESS CALL NUMBER
Classification number PZ7.O41404
Item number Ju 2023
082 04 - DEWEY DECIMAL CLASSIFICATION NUMBER
Classification number [Fic]
Edition number 23
092 ## - LOCALLY ASSIGNED DEWEY CALL NUMBER (OCLC)
Classification number Junior Wonderbook
Item number Rebel Girls
100 ## - MAIN ENTRY--PERSONAL NAME
Personal name Rebel Girls
110 2# - MAIN ENTRY--CORPORATE NAME
Corporate name or jurisdiction name as entry element Rebel Girls,
Relator term author.
245 10 - TITLE STATEMENT
Title Junko Tabei masters the mountain /
Statement of responsibility, etc Rebel Girls.
264 #1 - Production, Publication, Distribution, Manufacture, and Copyright Notice.
Place of production, publication, distribution, manufacture Solon, Ohio :
Name of producer, publisher, distributor, manufacturer Playaway Products, LLC,
Date of production, publication, distribution, manufacture, or copyr [2023]
300 ## - PHYSICAL DESCRIPTION
Extent 1 Wonderbook :
Other physical details color illustrations ;
Dimensions cm.
336 ## - Content Type
Content type term spoken word
336 ## - Content Type
Content type term still image
337 ## - Media type
Media type term audio
337 ## - Media type
Media type term unmediated
338 ## - Carrier type
Carrier type term other
338 ## - Carrier type
Carrier type term volume
490 1# - SERIES STATEMENT
Series statement Good night stories chapter books
500 ## - GENERAL NOTE
General note Title supplied by publisher.
500 ## - GENERAL NOTE
General note Release date supplied by publisher.
500 ## - GENERAL NOTE
General note Issued as a Wonderbook, a pre-loaded audiobook player permanently attached to a hardcover book.
500 ## - GENERAL NOTE
General note Powered by a rechargeable battery ; USB charger required for recharging.
500 ## - GENERAL NOTE
General note Audiobook player has 2 modes. Read-Along mode narrates the story. Learning mode asks questions related to the story.
500 ## - GENERAL NOTE
General note Print book published by Rebel Girls.
500 ## - GENERAL NOTE
General note Audiobook originally released by Penguin Random House.
511 0# - PARTICIPANT OR PERFORMER NOTE
Participant or performer note Narrated by Not Yet Available.
520 ## - SUMMARY, ETC.
Summary, etc From the world of Good Night Stories for Rebel Girls comes the historical novel based on the life of Junko Tabei, the first female climber to summit Mount Everest. Junko is bad at athletics. Really bad. Other students laugh because they think she is small and weak. Then her teacher takes the class on a trip to a mountain. It's bigger than any Junko's ever seen, but she is determined to make it to the top. Ganbatte, her teacher tells her. Do your best. After that first trip, Junko becomes a mountaineer in body and spirit. She climbs snowy mountains, rocky mountains, and even faraway mountains outside of her home country of Japan. She joins clubs and befriends fellow climbers who love the mountains as much as she does. Then, Junko does something that's never been done before... she becomes the first woman to climb the tallest mountain in the world. Junko Tabei Masters the Mountains is the story of the first woman to climb Mount Everest. Even more than that, it's a story about conquering fears, personal growth, and never shying away from a challenge. This historical fiction chapter book includes additional text on Junko Tabei's lasting legacy, as well as educational activities designed to strengthen physical skills and conquer fears.
521 2# - TARGET AUDIENCE NOTE
Target audience note Grades 3 - 7.
600 10 - SUBJECT ADDED ENTRY--PERSONAL NAME
Personal name Tabei, Junko,
Dates associated with a name 1939-2016
Form subdivision Juvenile fiction.
9 (RLIN) 6475444
611 20 - SUBJECT ADDED ENTRY--MEETING NAME
Meeting name or jurisdiction name as entry element Mount Everest Expedition
Date of meeting (1975)
Form subdivision Juvenile fiction.
9 (RLIN) 6475445
650 #0 - SUBJECT ADDED ENTRY--TOPICAL TERM
Topical term or geographic name as entry element Mountaineering
Form subdivision Juvenile fiction.
9 (RLIN) 5695963
650 #0 - SUBJECT ADDED ENTRY--TOPICAL TERM
Topical term or geographic name as entry element Women mountaineers
Form subdivision Juvenile fiction.
9 (RLIN) 6475446
650 #0 - SUBJECT ADDED ENTRY--TOPICAL TERM
Topical term or geographic name as entry element Mountaineers
Geographic subdivision Japan
Form subdivision Juvenile fiction.
9 (RLIN) 6475447
651 #0 - SUBJECT ADDED ENTRY--GEOGRAPHIC NAME
Geographic name Nepal
Form subdivision Juvenile fiction.
9 (RLIN) 6437668
651 #0 - SUBJECT ADDED ENTRY--GEOGRAPHIC NAME
Geographic name Everest, Mount (China and Nepal)
Form subdivision Juvenile fiction.
9 (RLIN) 5695964
655 #7 - INDEX TERM--GENRE/FORM
Genre/form data or focus term Historical fiction.
Source of term lcgft
655 #7 - INDEX TERM--GENRE/FORM
Genre/form data or focus term Biographical fiction.
Source of term lcgft
655 #7 - INDEX TERM--GENRE/FORM
Genre/form data or focus term Children's audiobooks.
Source of term lcgft
9 (RLIN) 5675081
700 1# - ADDED ENTRY--PERSONAL NAME
Personal name Kato-Kiriyama, Traci,
Relator term illustrator.
9 (RLIN) 5979004
710 2# - ADDED ENTRY--CORPORATE NAME
Corporate name or jurisdiction name as entry element Playaway Products, LLC,
Relator term issuing body.
9 (RLIN) 6466400
830 #0 - SERIES ADDED ENTRY--UNIFORM TITLE
Uniform title Good night stories for rebel girls chapter book.
942 ## - ADDED ENTRY ELEMENTS (KOHA)
Source of classification or shelving scheme Dewey Decimal Classification
Koha item type Wonderbook
Holdings
Withdrawn status Lost status Source of classification or shelving scheme Damaged status Not for loan Collection code Home library Current library Shelving location Date acquired Source of acquisition Total Checkouts Total Renewals Full call number Barcode Date last seen Date checked out Cost, replacement price Price effective from Koha item type
    Dewey Decimal Classification     Junior Audiobooks Wasatch County Library Wasatch County Library Main Floor Junior Area 10/19/2023 Playaway 6 4 J Wonder Girls 34301002004119 08/11/2025 07/21/2025 50.00 10/19/2023 Wonderbook
This project was made possible through a grant from the Institute of Museum and Library Service administered by the Utah State Library Division.

Wasatch County Library

  • 465 East 1200 South, Heber City, Utah 84032
  • Phone 435-654-1511 | Fax 435-654-6456

Hours

  • Monday - Friday 9:30 AM - 8:00 PM
  • Saturday 9:30 AM - 1:30 PM
  • Closed Sundays and Holidays